[Event "Piacenza op 2nd"]
[Site "Piacenza"]
[Date "2024.09.29"]
[Round "6"]
[White "Liberto, Michele"]
[Black "Vezzosi, Paolo"]
[Result "1-0"]
[WhiteElo "2011"]
[BlackElo "2040"]
[PlyCount "39"]
[EventDate "2024.09.27"]
[EventType "swiss"]
[EventRounds "6"]
[EventCountry "ITA"]
[SourceTitle "EXT 2025"]
[Source "ChessBase"]
[SourceDate "2024.10.14"]
[SourceVersion "1"]
[SourceVersionDate "2024.10.14"]
[SourceQuality "1"]

1. e4 e6 2. d4 d5 3. exd5 exd5 4. Bd3 Bd6 5. Nc3 Ne7 6. Qf3 Be6 7. Nge2 Nbc6 8. Bf4 Nb4 9. 0-0-0 0-0 10. g4 Ng6 11. Bxd6 Nxd3+ 12. Rxd3 Qxd6 13. h4 Qd7 14. h5 Bxg4 15. Qxd5 Qxd5 16. Nxd5 Bxe2 17. hxg6 fxg6 18. Ne7+ Kf7 19. Re3 Bh5 20. Rh4 1-0

[Event "Piacenza op 2nd"]
[Site "Piacenza"]
[Date "2024.09.27"]
[Round "2"]
[White "Liberto, Michele"]
[Black "Rostalnyi, Kyrylo"]
[Result "1-0"]
[WhiteElo "2011"]
[BlackElo "1938"]
[PlyCount "59"]
[EventDate "2024.09.27"]
[EventType "swiss"]
[EventRounds "6"]
[EventCountry "ITA"]
[SourceTitle "EXT 2025"]
[Source "ChessBase"]
[SourceDate "2024.10.14"]
[SourceVersion "1"]
[SourceVersionDate "2024.10.14"]
[SourceQuality "1"]

1. e4 c5 2. Nf3 g6 3. d4 cxd4 4. Nxd4 Nc6 5. Nc3 Bg7 6. Be3 Nf6 7. Bc4 0-0 8. Bb3 Re8 9. f3 d5 10. exd5 Nb4 11. Nde2 e6 12. Qd2 Nbxd5 13. 0-0-0 Bd7 14. Nxd5 Nxd5 15. Bxd5 exd5 16. Bd4 Bf8 17. h4 Rc8 18. h5 Bf5 19. Bc3 Bg7 20. Nd4 Bd7 21. hxg6 fxg6 22. Ne2 Bb5 23. Bxg7 Bxe2 24. Qh6 Rxc2+ 25. Kxc2 Qc7+ 26. Bc3 Bxd1+ 27. Rxd1 Qd7 28. Rxd5 Qf7 29. Qd2 h5 30. Qd4 1-0

[Event "Piacenza Ruscitti Memorial 2nd"]
[Site "Piacenza"]
[Date "2023.11.18"]
[Round "1"]
[White "Liberto, Michele"]
[Black "Costa, Luciano"]
[Result "1-0"]
[WhiteElo "1748"]
[BlackElo "1367"]
[PlyCount "49"]
[EventDate "2023.11.18"]
[EventType "swiss"]
[EventRounds "5"]
[EventCountry "ITA"]
[SourceTitle "CBM 217 Extra"]
[Source "ChessBase"]
[SourceDate "2024.01.31"]
[SourceVersion "1"]
[SourceVersionDate "2024.01.31"]
[SourceQuality "1"]

1. e4 e6 2. d4 d5 3. exd5 exd5 4. Nf3 Nf6 5. Bd3 Bd6 6. Qe2+ Qe7 7. Qxe7+ Bxe7 8. 0-0 0-0 9. Re1 Re8 10. c4 c6 11. Nc3 Bg4 12. Ne5 Be6 13. Bg5 Nbd7 14. Nxd7 Nxd7 15. Bxe7 Rxe7 16. cxd5 cxd5 17. Nxd5 Bxd5 18. Rxe7 Nf6 19. Rc1 a6 20. b3 b5 21. f3 g6 22. Rec7 Rd8 23. Rc8 Rxc8 24. Rxc8+ Kg7 25. Rc7 1-0

[Event "Wch U10"]
[Site "Sharm El Sheikh"]
[Date "2023.10.23"]
[Round "8"]
[White "Bakytbek, Dastan"]
[Black "Liberto, Michele"]
[Result "0-1"]
[WhiteElo "1344"]
[BlackElo "1834"]
[PlyCount "104"]
[EventDate "2023.10.16"]
[EventType "swiss"]
[EventRounds "11"]
[EventCountry "EGY"]
[SourceTitle "EXT 2025"]
[Source "ChessBase"]
[SourceDate "2024.10.14"]
[SourceVersion "1"]
[SourceVersionDate "2024.10.14"]
[SourceQuality "1"]

1. e4 c5 2. Nf3 a6 3. Nc3 b5 4. d3 Bb7 5. a3 d6 6. Be3 Nd7 7. g3 Ngf6 8. Bg2 g6 9. 0-0 Bg7 10. Nd2 0-0 11. f4 Qc7 12. h3 Rac8 13. Rb1 Rfd8 14. Ne2 Nb6 15. g4 Nfd7 16. Ng3 Na4 17. c3 Bxc3 18. bxc3 Nxc3 19. Qc2 Nxb1 20. Rxb1 d5 21. e5 e6 22. Rc1 d4 23. Bf2 Bxg2 24. Kxg2 Nb6 25. Nde4 Nd5 26. Qd2 Qb6 27. f5 exf5 28. gxf5 gxf5 29. Nd6 Rxd6 30. exd6 Qxd6 31. Qg5+ Qg6 32. Qxf5 Qxf5 33. Nxf5 Nf4+ 34. Kf3 Nxd3 35. Rg1+ Kf8 36. Bh4 Ne5+ 37. Ke4 Ng6 38. Bf6 Rc7 39. h4 h5 40. Kd5 d3 41. Kd6 Rc8 42. Bg7+ Kg8 43. Bh6 Kh7 44. Be3 c4 45. Kd7 Rg8 46. Rf1 Ne5+ 47. Ke7 c3 48. Nd6 Rg6 49. Nxf7 Rg7 50. Bd4 Rxf7+ 51. Rxf7+ Nxf7 52. Bxc3 Ne5 0-1

[Event "Varese op 19th"]
[Site "Varese"]
[Date "2022.10.08"]
[Round "2"]
[White "Donghi, Fabio"]
[Black "Liberto, Michele"]
[Result "0-1"]
[WhiteElo "1421"]
[BlackElo "1513"]
[PlyCount "90"]
[EventDate "2022.10.07"]
[EventType "swiss"]
[EventRounds "5"]
[EventCountry "ITA"]
[SourceTitle "EXT 2024"]
[Source "ChessBase"]
[SourceDate "2023.10.10"]
[SourceVersion "1"]
[SourceVersionDate "2023.10.10"]
[SourceQuality "1"]

1. d4 Nf6 2. Bf4 d5 3. e3 c5 4. c3 Nc6 5. h3 Bf5 6. Nd2 e6 7. Ngf3 cxd4 8. exd4 Bd6 9. Bxd6 Qxd6 10. Bb5 a6 11. Bxc6+ bxc6 12. 0-0 0-0 13. Ne5 Nd7 14. Nxd7 Qxd7 15. Nf3 Qd6 16. Qe2 Be4 17. Nh2 c5 18. f3 Bg6 19. Qe5 Qxe5 20. dxe5 c4 21. f4 Rab8 22. Rf2 Rb6 23. Nf3 Rfb8 24. Nd4 Rxb2 25. Rxb2 Rxb2 26. g4 Be4 27. f5 exf5 28. gxf5 Rg2+ 29. Kf1 Rh2 30. Re1 Rxh3 31. e6 fxe6 32. Nxe6 Rh1+ 33. Kf2 Rxe1 34. Kxe1 Bxf5 35. Nc7 Be4 36. Nxa6 h5 37. Nc5 h4 38. Kf2 Kf7 39. a4 Bh1 40. Kg1 d4 41. cxd4 Bc6 42. a5 c3 43. Nd3 Bb5 44. Nb4 g5 45. d5 g4 0-1

[Event "Crema op 22nd"]
[Site "Crema"]
[Date "2022.09.11"]
[Round "5"]
[White "Marco, Gabriele"]
[Black "Liberto, Michele"]
[Result "1/2-1/2"]
[WhiteElo "1648"]
[BlackElo "1459"]
[PlyCount "142"]
[EventDate "2022.09.09"]
[EventType "swiss"]
[EventRounds "6"]
[EventCountry "ITA"]
[SourceTitle "CBM 210 Extra"]
[Source "ChessBase"]
[SourceDate "2022.11.30"]
[SourceVersion "1"]
[SourceVersionDate "2022.11.30"]
[SourceQuality "1"]

1. e4 c5 2. Nc3 Nc6 3. Bb5 Nd4 4. Nf3 Nxb5 5. Nxb5 Nf6 6. Qe2 g6 7. e5 Nd5 8. Qe4 Nc7 9. Nd6+ exd6 10. exd6+ Ne6 11. d3 Bxd6 12. Bh6 Bf8 13. Qe5 Rg8 14. Bf4 Bg7 15. Qe3 Qe7 16. 0-0 Bd4 17. Nxd4 cxd4 18. Qg3 Nxf4 19. Qxf4 d6 20. Qxd4 Be6 21. Qa4+ Qd7 22. Qh4 f5 23. Rfe1 Qe7 24. Qa4+ Kf7 25. Re2 Rge8 26. Rae1 Qd7 27. Qd4 h5 28. Re3 Re7 29. c4 b6 30. Qh4 d5 31. b3 dxc4 32. bxc4 Rae8 33. Qg5 Rd8 34. Rg3 Rg8 35. Rge3 Ree8 36. f3 Qd4 37. Kh1 Qf6 38. Qf4 g5 39. Qd6 g4 40. d4 Kg6 41. Rxe6 Kg5 42. h4+ Kxh4 43. Rxf6 Rxe1+ 44. Kh2 g3+ 45. Qxg3+ Rxg3 46. Rxf5 Rg7 47. g3+ Rxg3 48. Rf4+ Rg4 49. fxg4 Re2+ 50. Kg1 Kg3 51. Rf1 hxg4 52. Rd1 Rxa2 53. d5 Re2 54. d6 Re8 55. d7 Rd8 56. Rd3+ Kh4 57. Rd5 a5 58. c5 bxc5 59. Rxc5 Rxd7 60. Rxa5 Rd1+ 61. Kg2 Rd2+ 62. Kg1 Kh3 63. Ra1 Rg2+ 64. Kh1 Rf2 65. Kg1 Rf3 66. Ra8 Rb3 67. Ra1 Kg3 68. Rc1 Kf3 69. Rf1+ Ke2 70. Rf4 g3 71. Kg2 Rb1 1/2-1/2